[Event "Titled Tue 24th Jun Late"]
[Site "chess.com INT"]
[Date "2025.06.24"]
[Round "1"]
[White "Wu, Derek"]
[Black "Arias Igual, Alejandro"]
[Result "1-0"]
[WhiteTitle "FM"]
[BlackTitle "FM"]
[WhiteElo "2232"]
[BlackElo "2242"]
[WhiteFideId "30914558"]
[BlackFideId "2254905"]
[EventDate "2025.06.24"]

1. d4 d5 2. c4 e6 3. Nc3 a6 4. cxd5 exd5 5. Bf4 Nf6 6. e3 Bd6 7. Be5 O-O 8. Nf3
Nbd7 9. Bxd6 cxd6 10. Bd3 b6 11. O-O Bb7 12. Rc1 Qe7 13. Qb3 Rab8 14. Rc2 Rfc8
15. Rfc1 Qd8 16. Bf5 Ba8 17. Qa3 g6 18. Bd3 Ne4 19. Bxa6 Rc7 20. Nb5 Rxc2 21.
Rxc2 Ndf6 22. h3 Kg7 23. Rc7 h6 24. Qd3 Qe8 25. Qc2 Qe6 26. a4 g5 27. b4 g4 28.
hxg4 Nxg4 29. Bc8 Qg6 30. Nh4 Qh5 31. Nf5+ Kf6 32. Nbxd6 Qh2+ 33. Kf1 Qh1+ 34.
Ke2 Qxg2 35. Rxf7+ Kg6 36. Nh4+ 1-0

[Event "Titled Tue 24th Jun Late"]
[Site "chess.com INT"]
[Date "2025.06.24"]
[Round "1"]
[White "Nedelcu, Teodor-Cosmin"]
[Black "Mkrtchyan, Mariam"]
[Result "1-0"]
[WhiteTitle "FM"]
[BlackTitle "WIM"]
[WhiteElo "2281"]
[BlackElo "2307"]
[WhiteFideId "1246305"]
[BlackFideId "13310828"]
[EventDate "2025.06.24"]

1. d4 d6 2. c4 e5 3. d5 f5 4. Nc3 Nf6 5. g3 g6 6. Bg2 Bg7 7. Bg5 h6 8. Bxf6 Qxf6
9. e4 O-O 10. Nge2 f4 11. f3 h5 12. Qd2 Bh6 13. gxf4 Qh4+ 14. Kd1 Bxf4 15. Nxf4
Rxf4 16. Kc2 Na6 17. a3 Bd7 18. b4 Raf8 19. Raf1 Kh7 20. Qe3 b6 21. Ne2 R4f7 22.
Qf2 Qxf2 23. Rxf2 h4 24. Rhf1 g5 25. h3 Nb8 26. Kd2 Be8 27. Ke3 Nd7 28. Nc3 Nf6
29. Ra1 Nh5 30. a4 Nf4 31. Bf1 Bd7 32. a5 Bxh3 33. axb6 axb6 34. Ra7 Bxf1 35.
Rxf1 g4 36. Nb5 Ng2+ 37. Ke2 Rxf3 38. Rxc7+ Kh6 39. Rxf3 gxf3+ 40. Kf2 h3 41.
Ra7 Ne3 42. Nxd6 Ng4+ 43. Kg3 f2 44. Ra1 f1=Q 45. Rxf1 Rxf1 46. Kxh3 Ne3 47. c5
bxc5 48. bxc5 Rc1 49. c6 Kg5 50. Kg3 Nc4 51. Ne8 Nb6 52. Kf3 Rc3+ 53. Ke2 Kf4
54. Kd2 Rc4 55. Nd6 Rc5 56. Kd3 Na4 57. Nc4 Kf3 58. d6 Rxc6 59. Nxe5+ Kf4 60.
Nxc6 Nc5+ 61. Kd4 Nd7 62. e5 Kf5 63. Kd5 Nf8 64. Nd4+ Kg6 65. e6 Kf6 66. Kc6
Nxe6 67. Nxe6 Kxe6 68. d7 1-0

[Event "Titled Tue 24th Jun Late"]
[Site "chess.com INT"]
[Date "2025.06.24"]
[Round "1"]
[White "Ersoz, Teoman Guney"]
[Black "Li, Yilin"]
[Result "1/2-1/2"]
[WhiteTitle "CM"]
[BlackTitle "WFM"]
[WhiteElo "2052"]
[BlackElo "1922"]
[WhiteFideId "44537050"]
[BlackFideId "8610410"]
[EventDate "2025.06.24"]

1. d4 d5 2. Nc3 c6 3. Bf4 Nf6 4. e3 e6 5. f3 Bd6 6. Nge2 Bxf4 7. Nxf4 O-O 8. Bd3
Qb6 9. Qd2 Qxb2 10. O-O Nbd7 11. a4 Qb4 12. Rab1 Qd6 13. Qf2 e5 14. dxe5 Nxe5
15. Be2 Bf5 16. Nd3 b6 17. Qg3 Rfe8 18. Qg5 Bg6 19. Rfe1 Nc4 20. Bd1 h6 21. Qf4
Qxf4 22. Nxf4 Nxe3 23. Nxg6 fxg6 24. Kf2 d4 25. Ne2 c5 26. Ng3 Nxd1+ 27. Rexd1
Nd5 28. Ne4 Rxe4 29. fxe4 Nc3 30. Re1 Nxb1 31. Rxb1 Re8 32. Kf3 Kf7 33. c3 Rd8
34. cxd4 Rxd4 35. a5 Rd3+ 36. Kf4 Rd6 37. axb6 axb6 38. Ke5 Ke7 39. Ra1 Re6+ 40.
Kd5 Rd6+ 41. Ke5 Re6+ 42. Kd5 Rd6+ 43. Ke5 1/2-1/2

[Event "Titled Tue 24th Jun Late"]
[Site "chess.com INT"]
[Date "2025.06.24"]
[Round "1"]
[White "Carnicelli, Valerio"]
[Black "Milare, Tyron"]
[Result "1-0"]
[WhiteTitle "FM"]
[BlackTitle "FM"]
[WhiteElo "2396"]
[BlackElo "2248"]
[WhiteFideId "856185"]
[BlackFideId "12987018"]
[EventDate "2025.06.24"]

1. e4 c5 2. Nf3 d6 3. Bb5+ Bd7 4. Bxd7+ Qxd7 5. O-O g6 6. Re1 Bg7 7. c3 Nf6 8.
d4 cxd4 9. cxd4 d5 10. e5 Ne4 11. Nc3 Nxc3 12. bxc3 e6 13. Ba3 Bf8 14. Qc1 Bxa3
15. Qxa3 Qe7 16. Qxe7+ Kxe7 17. Rab1 b6 18. Nd2 Rc8 19. Re3 Nc6 20. Nb3 a5 21.
a4 Na7 22. h4 Rc4 23. Nd2 Rxa4 24. Rxb6 Ra1+ 25. Kh2 Nc8 26. Rb7+ Kd8 27. Rxf7
Ra7 28. Rf8+ Kc7 29. Nb3 Ra3 30. Nc5 Ra8 31. Nxe6+ Kc6 32. Nc5 Nb6 33. Rxa8 Nxa8
34. e6 Nc7 35. e7 Ne8 36. Re6+ Kb5 37. Nd7 Rxc3 38. Nf6 Ng7 39. e8=Q+ Nxe8 40.
Rxe8 Kc4 41. Ra8 Ra3 42. Nxh7 Kxd4 43. Nf8 Ke5 44. Nxg6+ Kf6 45. Ra6+ Kg7 46. h5
d4 47. Nf4 Ra2 48. h6+ Kh7 49. Kg3 d3 50. Nxd3 Ra3 51. Kg4 Rxd3 52. Rxa5 Kxh6
53. f4 Rd4 54. Ra6+ Kg7 55. Kg5 Rd3 56. g4 Rd7 57. f5 Kf7 58. Kh6 Rd4 59. Kg5
Rd7 60. Rh6 Kg7 61. f6+ Kg8 62. Rh1 Rd4 63. Rb1 Kf7 64. Rb7+ Ke6 65. Re7+ Kd6
66. Re1 1-0

[Event "Titled Tue 24th Jun Late"]
[Site "chess.com INT"]
[Date "2025.06.24"]
[Round "1"]
[White "Mishra, Abhimanyu"]
[Black "Ohler, Julius"]
[Result "1-0"]
[WhiteTitle "GM"]
[BlackTitle "FM"]
[WhiteElo "2611"]
[BlackElo "2301"]
[WhiteFideId "30920019"]
[BlackFideId "16238982"]
[EventDate "2025.06.24"]

1. Nf3 d5 2. c4 c6 3. e3 Nf6 4. d4 Bg4 5. h3 Bxf3 6. Qxf3 e6 7. Nc3 Nbd7 8. Bd2
Bd6 9. Bd3 O-O 10. O-O Qe7 11. Rad1 Rfe8 12. Rfe1 h6 13. Qe2 dxc4 14. Bxc4 e5
15. d5 c5 16. e4 a6 17. a4 Bc7 18. Be3 Bd6 19. g3 Qd8 20. Kg2 Qc7 21. h4 Rf8 22.
g4 Kh7 23. g5 Ne8 24. gxh6 gxh6 25. Qh5 Rg8+ 26. Kf3 Rg6 27. Rg1 Ndf6 28. Rxg6
Nxh5 29. Rxh6+ Kg7 30. Rxh5 Kf8 31. Rh8+ Ke7 32. h5 Qc8 33. Rh1 Rb8 34. h6 Qd7
35. Bg5+ Nf6 36. Bxf6+ Kxf6 37. Rxb8 Bxb8 38. h7 Kg5 39. Rg1+ Kf6 40. h8=Q+ Ke7
41. d6+ Kxd6 42. Rd1+ 1-0

[Event "Titled Tue 24th Jun Late"]
[Site "chess.com INT"]
[Date "2025.06.24"]
[Round "1"]
[White "Becking, Stephan"]
[Black "Adewumi, Tanitoluwa"]
[Result "0-1"]
[WhiteTitle "IM"]
[BlackTitle "FM"]
[WhiteElo "2410"]
[BlackElo "2362"]
[WhiteFideId "4632478"]
[BlackFideId "30966396"]
[EventDate "2025.06.24"]

1. d4 c5 2. d5 g6 3. Nc3 Bg7 4. e4 d6 5. Bd3 Nf6 6. h3 O-O 7. Nf3 a6 8. a4 b6 9.
O-O e6 10. dxe6 Bxe6 11. Bg5 Nc6 12. Qd2 Re8 13. Rad1 Qc7 14. Rfe1 Nd7 15. Bf4
Nde5 16. Bg3 Nxf3+ 17. gxf3 Nd4 18. Kg2 Qd7 19. Rh1 b5 20. axb5 axb5 21. Ne2
Nxe2 22. Bxe2 d5 23. exd5 Bf5 24. c3 Ra2 25. h4 b4 26. cxb4 Rxb2 27. Qc1 Rc2 28.
Qa3 cxb4 29. Qxb4 Rcxe2 30. d6 h5 31. Rc1 Bf8 32. Rhd1 Rc2 33. Rxc2 Bxc2 34. Rd2
Bf5 35. Qc3 Rd8 0-1

[Event "Titled Tue 24th Jun Late"]
[Site "chess.com INT"]
[Date "2025.06.24"]
[Round "1"]
[White "Hansen, Eric"]
[Black "Mika, Tomasz"]
[Result "1-0"]
[WhiteTitle "GM"]
[BlackTitle "CM"]
[WhiteElo "2609"]
[BlackElo "2227"]
[WhiteFideId "2606771"]
[BlackFideId "1132970"]
[EventDate "2025.06.24"]

1. e4 c5 2. Nf3 Nc6 3. Bb5 g6 4. Bxc6 bxc6 5. O-O Bg7 6. c3 Nf6 7. Re1 O-O 8. h3
d6 9. d4 cxd4 10. cxd4 a5 11. Nc3 Qc7 12. Bf4 Nd7 13. Rc1 Ba6 14. Nd5 Qd8 15.
Rxc6 Bb7 16. Rc2 Bxd5 17. exd5 Nb6 18. Rce2 Nxd5 19. Bg5 Re8 20. Qb3 Nf6 21. a3
Rb8 22. Qa4 h6 23. Bd2 Ra8 24. Rc1 d5 25. Ne5 Ne4 26. Nc6 Qb6 27. Be3 Kh7 28.
Rec2 Nd6 29. b3 Nf5 30. Rc5 Nxe3 31. fxe3 e5 32. Rxd5 exd4 33. exd4 Rac8 34.
Rdc5 Re4 35. Qc4 Qc7 36. Ne5 Qe7 37. Rxc8 Bxe5 38. Qf1 Qg5 39. Qxf7+ Bg7 40.
Qg8# 1-0

[Event "Titled Tue 24th Jun Late"]
[Site "chess.com INT"]
[Date "2025.06.24"]
[Round "1"]
[White "Richter, Paul"]
[Black "Fernandez Bustamante, Leancy B."]
[Result "1-0"]
[BlackTitle "WFM"]
[WhiteElo "2171"]
[BlackElo "2130"]
[WhiteFideId "2046350"]
[BlackFideId "3523870"]
[EventDate "2025.06.24"]

1. e4 c5 2. Nf3 a6 3. d3 b5 4. Nbd2 Bb7 5. g3 d5 6. exd5 Bxd5 7. Bg2 Nf6 8. O-O
e6 9. Re1 Be7 10. a4 O-O 11. c3 Bb7 12. Qc2 Nbd7 13. Ne4 Nxe4 14. dxe4 c4 15.
Rd1 Qc7 16. Bf4 e5 17. Be3 Rfd8 18. axb5 axb5 19. Rxa8 Bxa8 20. h4 f6 21. Bh3
Bc5 22. Bxd7 Bxe3 23. Be6+ Kh8 24. Rxd8+ Qxd8 25. fxe3 Qd6 26. Bd5 Bxd5 27. Qd2
h6 28. exd5 e4 29. Nh2 Qxg3+ 30. Kh1 Qd6 31. Kg2 f5 32. Qd4 Kh7 33. h5 Kg8 34.
Nf1 Qd8 35. d6 Qg5+ 36. Ng3 f4 37. exf4 Qxf4 38. d7 Qf3+ 39. Kh2 e3 40. d8=Q+
Kh7 41. Qe4+ Qxe4 42. Nxe4 e2 43. Qe7 e1=Q 44. Nf6+ Kh8 45. Qf8# 1-0

[Event "Titled Tue 24th Jun Late"]
[Site "chess.com INT"]
[Date "2025.06.24"]
[Round "1"]
[White "Nersisyan, Garnik"]
[Black "Injac, Teodora"]
[Result "0-1"]
[WhiteTitle "CM"]
[BlackTitle "IM"]
[WhiteElo "2035"]
[BlackElo "2457"]
[WhiteFideId "13300741"]
[BlackFideId "932400"]
[EventDate "2025.06.24"]

1. e4 e5 2. d3 Nc6 3. Nc3 Nf6 4. g3 Bc5 5. Bg2 a5 6. Nge2 h5 7. h3 h4 8. g4 Nh7
9. O-O d6 10. Nd5 Ng5 11. Be3 Bxe3 12. Nxe3 Ne6 13. f4 exf4 14. Nxf4 Nxf4 15.
Rxf4 Be6 16. d4 Qg5 17. Rf3 O-O 18. Nf5 Bxf5 19. gxf5 Rae8 20. Rd3 Rxe4 21. Kh1
Rf4 22. Bxc6 bxc6 23. Qe2 Qxf5 24. Rg1 g6 25. c3 Rf2 26. Qe3 Rxb2 27. Rdd1 Qc2
28. Qf4 Rxa2 29. Rc1 Qf2 30. Qxf2 Rxf2 31. Rg4 Re8 32. Rxh4 Ree2 33. Rg4 Rh2+
34. Kg1 a4 35. Re4 Rxe4 36. Kxh2 Re2+ 37. Kg3 a3 38. Ra1 Re3+ 39. Kg4 Rxc3 40.
Rb1 Kg7 41. Rb8 c5 42. Ra8 cxd4 43. h4 d3 44. Kf3 c5 45. Ke3 c4 46. Ra5 Rc2 47.
Rxa3 Re2+ 48. Kf3 Re5 49. Rc3 d2 0-1

[Event "Titled Tue 24th Jun Late"]
[Site "chess.com INT"]
[Date "2025.06.24"]
[Round "1"]
[White "Ferraz, Michel Liah"]
[Black "Asish Panda"]
[Result "1-0"]
[WhiteElo "2007"]
[BlackElo "1911"]
[WhiteFideId "22743219"]
[BlackFideId "45012458"]
[EventDate "2025.06.24"]

1. d4 d5 2. c4 e6 3. Nc3 Nf6 4. Nf3 Be7 5. Bg5 O-O 6. e3 Ne4 7. Bxe7 Qxe7 8.
cxd5 Nxc3 9. bxc3 exd5 10. Qc2 c6 11. Bd3 h6 12. O-O Nd7 13. a4 Re8 14. a5 Nf6
15. a6 b6 16. Ne5 c5 17. c4 cxd4 18. exd4 dxc4 19. Bxc4 Be6 20. Rac1 Rac8 21.
Qb3 Bxc4 22. Rxc4 Qd6 23. Rxc8 Rxc8 24. Qxf7+ Kh7 25. Qxa7 Qxd4 26. Qb7 Re8 27.
a7 Qxe5 28. a8=Q Rxa8 29. Qxa8 b5 30. Rb1 Qf5 31. Qa2 Ng4 32. Rb2 Qf4 33. Qb1+
Kg8 34. g3 Qf6 35. h3 Ne5 36. Rxb5 Nf3+ 37. Kg2 Qc6 38. Qb3+ Kh8 39. Rb8+ Kh7
40. Qxf3 1-0

[Event "Titled Tue 24th Jun Late"]
[Site "chess.com INT"]
[Date "2025.06.24"]
[Round "1"]
[White "Leenhouts, Koen"]
[Black "Yushko, Olga"]
[Result "0-1"]
[WhiteTitle "GM"]
[BlackTitle "WFM"]
[WhiteElo "2476"]
[BlackElo "2033"]
[WhiteFideId "1008439"]
[BlackFideId "14114500"]
[EventDate "2025.06.24"]

1. e4 Nf6 2. e5 Nd5 3. d4 d6 4. Nf3 Bg4 5. Be2 c6 6. h3 Bxf3 7. Bxf3 dxe5 8.
dxe5 e6 9. O-O Bc5 10. Qe2 O-O 11. Rd1 Qc7 12. c4 Ne7 13. Nc3 Ng6 14. Ne4 Qxe5
15. Nxc5 Qxc5 16. Be3 Qe7 17. g3 Nd7 18. h4 Rfd8 19. h5 Ngf8 20. h6 g6 21. Bg2
Nb6 22. Bd4 f6 23. Bc3 e5 24. f4 Qc5+ 25. Kh2 Qxc4 26. Qf2 Qe6 27. fxe5 fxe5 28.
Re1 Nfd7 29. Bh3 Qe7 30. Rad1 Nd5 31. Rxd5 cxd5 32. Bxd7 Qxd7 33. Rxe5 d4 34.
Bd2 Rf8 35. Qe2 Rae8 36. Bf4 d3 37. Qe4 Rxe5 38. Qxe5 d2 39. Bxd2 Qxd2+ 40. Kh3
Qxh6+ 0-1

[Event "Titled Tue 24th Jun Late"]
[Site "chess.com INT"]
[Date "2025.06.24"]
[Round "1"]
[White "Zhukovskyi, Oleksandr"]
[Black "Nakara Husain"]
[Result "0-1"]
[WhiteTitle "CM"]
[WhiteElo "2145"]
[BlackElo "1713"]
[WhiteFideId "14169371"]
[BlackFideId "25636111"]
[EventDate "2025.06.24"]

1. e4 e5 2. Nf3 Nc6 3. d4 exd4 4. Bc4 Nf6 5. e5 d5 6. Bb5 Ne4 7. Nxd4 Bd7 8.
Bxc6 bxc6 9. O-O g6 10. f3 Nc5 11. f4 Bg7 12. Qe2 Ne6 13. c3 Qe7 14. Be3 a6 15.
Nd2 O-O 16. N2b3 Rfb8 17. Rae1 a5 18. Nxe6 fxe6 19. Bc5 Qe8 20. Nd4 Bf8 21. b4
axb4 22. cxb4 Rxb4 23. Bxb4 Bxb4 24. Rc1 c5 25. Nb3 Bb5 26. Qf2 Bxf1 27. Kxf1
Qb5+ 28. Kg1 c4 29. Nd4 Qb6 30. Rb1 c5 31. Nf3 Qa7 32. Qh4 c3 33. Ng5 c4+ 34.
Kh1 c2 35. Rf1 Bd2 36. Nxe6 c1=Q 37. Rxc1 Bxc1 38. f5 Qa4 0-1

[Event "Titled Tue 24th Jun Late"]
[Site "chess.com INT"]
[Date "2025.06.24"]
[Round "1"]
[White "Ambartsumova, Karina"]
[Black "Fuhrmann, Bahne"]
[Result "1-0"]
[WhiteTitle "IM"]
[BlackTitle "FM"]
[WhiteElo "2403"]
[BlackElo "2256"]
[WhiteFideId "4166299"]
[BlackFideId "16244842"]
[EventDate "2025.06.24"]

1. Nf3 Nf6 2. c4 e6 3. Nc3 d5 4. e3 Be7 5. b3 O-O 6. Bb2 b6 7. Rc1 Bb7 8. Be2 c5
9. cxd5 Nxd5 10. Qc2 Nc6 11. h4 h6 12. g4 Ndb4 13. Qb1 Ne5 14. Nxe5 Bxh1 15. g5
hxg5 16. hxg5 Bxg5 17. a3 Nc6 18. Nf3 Bf6 19. Ne4 Bxb2 20. Qxb2 Qd5 21. d3 Qf5
22. Ng3 Qh3 23. Kd2 Bg2 24. Rg1 Rad8 25. Ne1 Bd5 26. Nh5 f6 27. Nxf6+ Kf7 28.
Bh5+ Ke7 29. Rxg7+ Kd6 30. e4 Qh4 31. exd5 Rxf6 32. dxc6 Rxf2+ 33. Be2 Qh6+ 34.
Kd1 1-0

[Event "Titled Tue 24th Jun Late"]
[Site "chess.com INT"]
[Date "2025.06.24"]
[Round "1"]
[White "Gallo Garcia, Kemel Antonio"]
[Black "Tymrakiewicz, Rafal"]
[Result "1-0"]
[WhiteTitle "FM"]
[BlackTitle "FM"]
[WhiteElo "2362"]
[BlackElo "2206"]
[WhiteFideId "3523896"]
[BlackFideId "1108832"]
[EventDate "2025.06.24"]

1. d4 d5 2. c4 c6 3. Nf3 Nf6 4. e3 a6 5. Nbd2 Bg4 6. h3 Bh5 7. g4 Bg6 8. Ne5 e6
9. h4 Nfd7 10. Nxd7 Nxd7 11. h5 Be4 12. f3 Bd6 13. fxe4 Bg3+ 14. Ke2 Qc7 15. Bg2
O-O 16. Bf3 Rae8 17. Nf1 dxe4 18. Bxe4 f5 19. gxf5 exf5 20. Bf3 Bd6 21. Qc2 c5
22. d5 Ne5 23. Bd2 b5 24. b3 b4 25. Re1 a5 26. Bg2 a4 27. Nh2 Qe7 28. Bh3 Qh4
29. Nf3 Nxf3 30. Kxf3 Qg3+ 31. Ke2 axb3 32. axb3 f4 33. Be6+ Rxe6 34. dxe6 f3+
35. Kd1 f2 36. Ref1 Be5 37. Qd3 Bf6 38. Qd5 Rd8 39. e7+ Rxd5 40. e8=Q# 1-0

[Event "Titled Tue 24th Jun Late"]
[Site "chess.com INT"]
[Date "2025.06.24"]
[Round "1"]
[White "Mekhitarian, Krikor Sevag"]
[Black "Ryabukhin, Roman"]
[Result "1-0"]
[WhiteTitle "GM"]
[BlackTitle "CM"]
[WhiteElo "2564"]
[BlackElo "2236"]
[WhiteFideId "2107660"]
[BlackFideId "24257893"]
[EventDate "2025.06.24"]

1. Nf3 c5 2. c4 g6 3. e4 Bg7 4. d4 cxd4 5. Nxd4 Nc6 6. Be3 d6 7. Nc3 Nf6 8. Be2
O-O 9. O-O Bd7 10. Nc2 Rc8 11. Rc1 Ne5 12. b3 Nfg4 13. Bxa7 Nc6 14. Bxg4 Bxg4
15. Qxg4 Nxa7 16. Nd5 e6 17. Nde3 Qa5 18. a4 Qb6 19. Rb1 Nc6 20. Rfd1 Rfd8 21.
Qe2 h5 22. g3 Ne5 23. Kg2 Qc6 24. f3 f5 25. Nd4 Qe8 26. exf5 gxf5 27. Nb5 Qc6
28. Na7 Qc5 29. Nxc8 Rxc8 30. Rd2 Bh6 31. f4 Qc6+ 32. Kf2 Qe4 33. Rg1 Nf7 34.
Qxh5 Bg7 35. Qf3 Bc3 36. Qxe4 fxe4 37. Rdd1 Kf8 38. Ke2 Ke7 39. f5 Ne5 40. fxe6
Kxe6 41. Nd5 Nf3 42. Nxc3 Nxg1+ 43. Rxg1 Rh8 44. h4 Ke5 45. Ke3 Rf8 46. Nxe4 d5
47. cxd5 Kxd5 48. Rd1+ Kc6 49. Rd6+ 1-0

[Event "Titled Tue 24th Jun Late"]
[Site "chess.com INT"]
[Date "2025.06.24"]
[Round "1"]
[White "Goncharov, Vladimir"]
[Black "Henriquez Villagra, Cristobal"]
[Result "0-1"]
[BlackTitle "GM"]
[WhiteElo "2077"]
[BlackElo "2597"]
[WhiteFideId "34162256"]
[BlackFideId "3409350"]
[EventDate "2025.06.24"]

1. d4 d5 2. c4 e6 3. Nf3 c6 4. Qc2 Nd7 5. g3 f5 6. Bg2 Ngf6 7. O-O Ne4 8. b3 a5
9. Ba3 Bxa3 10. Nxa3 O-O 11. Qb2 Qf6 12. e3 b6 13. Rac1 Bb7 14. cxd5 exd5 15.
Rfd1 Rae8 16. Nc2 g5 17. Nce1 f4 18. Nd3 g4 19. Nfe5 Nxe5 20. dxe5 Qh6 21. Nxf4
Ng5 22. Kh1 Nf3 23. h4 Nxe5 24. a3 Ng6 25. Nxg6 Qxg6 26. b4 axb4 27. axb4 Rf5
28. Rd2 Ref8 29. Kg1 Qf6 30. Qxf6 R8xf6 31. b5 c5 32. Rcd1 Rd6 33. e4 Re5 34.
exd5 Bc8 35. Rc1 Bd7 36. Bf1 Kg7 37. Bc4 Re4 38. Rdc2 h6 39. Ra1 Kf6 40. Ra7 Rd4
41. Rc1 Bf5 42. Rc7 Be4 43. Rc6 Ke7 44. Rc7+ Kd8 45. Rc6 Kd7 46. Kf1 Rxc4 47.
Rxc4 Bd3+ 48. Ke1 Bxc4 49. Kd2 Bxd5 50. Rxd6+ Kxd6 51. Ke3 Ke5 0-1

[Event "Titled Tue 24th Jun Late"]
[Site "chess.com INT"]
[Date "2025.06.24"]
[Round "1"]
[White "Palczert, Matyas"]
[Black "Guliev, Gasan"]
[Result "1-0"]
[WhiteTitle "FM"]
[BlackTitle "CM"]
[WhiteElo "2396"]
[BlackElo "2123"]
[WhiteFideId "784958"]
[BlackFideId "34165638"]
[EventDate "2025.06.24"]

1. b3 Nc6 2. Bb2 e6 3. c4 Nf6 4. Nf3 Be7 5. e3 O-O 6. Be2 b6 7. g4 Bb7 8. Rg1 d5
9. h4 Na5 10. cxd5 exd5 11. h5 Ne4 12. d3 Bb4+ 13. Kf1 Ng5 14. Nd4 Ne6 15. Nf5
f6 16. Nd2 Bxd2 17. Qxd2 c5 18. f4 d4 19. e4 Qc7 20. Bc1 Rae8 21. Ke1 Nc6 22.
Kd1 b5 23. Bf3 c4 24. bxc4 bxc4 25. Ba3 c3 26. Qc1 Nxf4 27. Bd6 Nxd3 28. Bxc7
Nxc1 29. Rxc1 Rc8 30. Bd6 Rfd8 31. g5 fxg5 32. Rxg5 Rd7 33. Bg4 Kh8 34. Ba3 Nd8
35. Ne7 1-0

[Event "Titled Tue 24th Jun Late"]
[Site "chess.com INT"]
[Date "2025.06.24"]
[Round "1"]
[White "Rajaram, Rohan"]
[Black "Fernandez, Maria Florencia"]
[Result "1-0"]
[WhiteTitle "CM"]
[BlackTitle "WIM"]
[WhiteElo "2164"]
[BlackElo "2163"]
[WhiteFideId "30940729"]
[BlackFideId "116459"]
[EventDate "2025.06.24"]

1. Nf3 d6 2. g3 Nf6 3. Bg2 g6 4. O-O Bg7 5. c4 O-O 6. Nc3 Nc6 7. e3 e5 8. d4 Nd7
9. d5 Ne7 10. e4 h6 11. Ne1 f5 12. Nd3 g5 13. f4 exf4 14. gxf4 fxe4 15. Nxe4
gxf4 16. Bxf4 Nf5 17. Qd2 Qh4 18. Kh1 Ne5 19. Bxe5 Bxe5 20. Nxe5 dxe5 21. Rf2
Bd7 22. Raf1 Rf7 23. Bf3 Raf8 24. Rg1+ Kh8 25. Bg4 Ng3+ 26. Rxg3 Bxg4 27. Rxf7
Rxf7 28. Qg2 h5 29. h3 Rf4 30. Nf2 Rxc4 31. Kh2 Rc2 32. Rc3 c6 33. Rxc2 Bf5 34.
Re2 Qf4+ 35. Qg3 1-0

[Event "Titled Tue 24th Jun Late"]
[Site "chess.com INT"]
[Date "2025.06.24"]
[Round "1"]
[White "Kona, Vidip"]
[Black "Aarav, Dengla"]
[Result "0-1"]
[BlackTitle "IM"]
[WhiteElo "2023"]
[BlackElo "2366"]
[WhiteFideId "30990440"]
[BlackFideId "45059756"]
[EventDate "2025.06.24"]

1. Nf3 d5 2. c4 e6 3. b3 Nf6 4. Bb2 b6 5. e3 Bb7 6. Be2 Nbd7 7. O-O Be7 8. d4
Ne4 9. Nbd2 f5 10. Rc1 O-O 11. Qc2 Rc8 12. Rfd1 Ndf6 13. Ne5 Bd6 14. f4 c5 15.
Ndf3 Qe7 16. Qb1 cxd4 17. Nxd4 a6 18. a4 Bb4 19. Nc2 a5 20. Nxb4 Qxb4 21. Bd4
Nd2 22. Rxd2 Qxd2 23. Bf3 Qb4 24. Nd3 Qe7 25. c5 Nd7 26. cxb6 Qa3 27. Rd1 Ba6
28. Ne5 Nf6 29. g4 Ne4 30. gxf5 exf5 31. Nd7 Rfd8 32. Bxe4 fxe4 33. Ne5 Rd6 34.
Kg2 Qb4 35. Qb2 Rdd8 36. Qf2 Qxb3 37. Rd2 Rc1 38. Qg3 Rg1+ 0-1

[Event "Titled Tue 24th Jun Late"]
[Site "chess.com INT"]
[Date "2025.06.24"]
[Round "1"]
[White "Veiga, Jose Francisco R P Neves"]
[Black "Amburgy, Ryan"]
[Result "0-1"]
[WhiteTitle "IM"]
[BlackTitle "FM"]
[WhiteElo "2390"]
[BlackElo "2332"]
[WhiteFideId "1930087"]
[BlackFideId "30924820"]
[EventDate "2025.06.24"]

1. e4 e5 2. Nf3 Nc6 3. Bb5 a6 4. Ba4 Nf6 5. O-O b5 6. Bb3 Bb7 7. Re1 Bc5 8. c3
d6 9. d4 Bb6 10. a4 h6 11. h3 O-O 12. Bc2 Re8 13. d5 Ne7 14. Nbd2 c6 15. dxc6
Bxc6 16. Nf1 Ng6 17. Ng3 Qd7 18. Nf5 Nxe4 19. Bxe4 Bxe4 20. Nxh6+ gxh6 21. Rxe4
Qf5 22. Rg4 Kh7 23. Qe2 e4 24. Nh4 Qf6 25. Nxg6 fxg6 26. Be3 Bxe3 27. Qxe3 Qe5
28. axb5 axb5 29. Rd1 Re7 30. g3 Rf8 31. Rd4 Rfe8 32. Kg2 Qf5 33. Rf4 Qc5 34.
Rh4 h5 35. g4 Qe5 36. gxh5 gxh5 37. Qe2 Rg7+ 38. Kh1 Rg5 39. Rd1 Reg8 40. Qf1
Qf5 41. f4 exf3 42. Rxd6 Rg1+ 43. Qxg1 Rxg1+ 44. Kxg1 Qg5+ 45. Kh2 Qg2# 0-1

[Event "Titled Tue 24th Jun Late"]
[Site "chess.com INT"]
[Date "2025.06.24"]
[Round "1"]
[White "Beyer, Lorenz"]
[Black "Morris-Suzuki, Alan H"]
[Result "0-1"]
[WhiteTitle "CM"]
[WhiteElo "2226"]
[BlackElo "1987"]
[WhiteFideId "16245393"]
[BlackFideId "30933218"]
[EventDate "2025.06.24"]

1. d4 g6 2. Bf4 Bg7 3. Nf3 d6 4. h3 Nd7 5. e3 e5 6. Bh2 Nh6 7. c3 O-O 8. a4 f5
9. Be2 Nf7 10. O-O Qe7 11. Na3 g5 12. Nb5 Nf6 13. dxe5 dxe5 14. Bc4 a6 15. Bxf7+
Rxf7 16. Na3 Nd7 17. Qd5 Nb6 18. Qd1 e4 19. Nd4 c5 20. Ne2 Qe8 21. a5 Nd7 22.
Nc4 Qe6 23. Nd6 Rf8 24. Qa4 Ne5 25. Nxc8 Raxc8 26. Rad1 Nd3 27. Qa3 c4 28. Nd4
Qg6 29. Bd6 Rfd8 30. Be7 Rd7 31. Bb4 f4 32. b3 g4 33. hxg4 Qxg4 34. exf4 Nxf4
35. g3 Qh3 36. gxf4 Bxd4 37. Be7 Qg3+ 38. Kh1 Qh3+ 39. Kg1 Qg4+ 40. Kh1 Rc6 41.
Bg5 Qh3+ 42. Kg1 Rg7 43. Rxd4 Qg4+ 44. Kh1 Rh6+ 45. Bxh6 Qg2# 0-1

[Event "Titled Tue 24th Jun Late"]
[Site "chess.com INT"]
[Date "2025.06.24"]
[Round "1"]
[White "Moeller, Maurin"]
[Black "Pakleza, Zbigniew"]
[Result "0-1"]
[WhiteTitle "FM"]
[BlackTitle "GM"]
[WhiteElo "2336"]
[BlackElo "2484"]
[WhiteFideId "16265696"]
[BlackFideId "1119290"]
[EventDate "2025.06.24"]

1. e4 d6 2. d4 Nf6 3. Bd3 e5 4. c3 d5 5. dxe5 dxe4 6. Bb5+ c6 7. Qxd8+ Kxd8 8.
Bc4 Ng4 9. Bf4 Nd7 10. Nd2 Ndxe5 11. Bxe5 Nxe5 12. O-O-O Nxc4 13. Nxc4+ Kc7 14.
Ne2 Be6 15. Ne3 Bxa2 16. Ng3 Re8 17. Kc2 Be6 18. Nxe4 h6 19. Rhe1 Be7 20. h3 Rd8
21. Ra1 a6 22. f4 g6 23. Ra5 f5 24. Re5 Bh4 25. Rf1 Bc8 26. Nc5 Rhe8 27. Nc4 Bf6
28. Rxe8 Rxe8 29. Kd2 b6 30. Nd3 Be6 31. Nce5 g5 32. fxg5 hxg5 33. Nf3 Bd5 34.
Rf2 a5 35. Nd4 f4 36. h4 c5 37. hxg5 Bxg5 38. Nf3 Bh6 39. Rf1 c4 40. Nde5 Rxe5
41. Nxe5 f3+ 42. Kc2 fxg2 43. Re1 Be3 44. Ng4 g1=Q 45. Rxe3 Qxg4 0-1